LEADER 00966nam0-22003611i-450- 001 990006855280403321 005 20070322132804.0 010 $a88-86812-27-2 035 $a000685528 035 $aFED01000685528 035 $a(Aleph)000685528FED01 035 $a000685528 100 $a20010426d1997----km-y0itay50------ba 101 0 $aita 102 $aIT 105 $ay-------001yy 200 1 $a<>democrazia nel 21. secolo$fVittorio Frosini 210 $aRoma$cIdeazione$d©1997 215 $a160 p.$d21 cm 225 1 $aPercorsi$v5 610 0 $aDemocrazia - Sec. 20 676 $a321.809 700 1$aFrosini,$bVittorio$0128968 801 0$aIT$bUNINA$gRICA$2UNIMARC 901 $aBK 912 $a990006855280403321 952 $aCOLLEZ. 1761 (5)$b31395$fFSPBC 952 $aXI D F 6 (17)$b1395$fDFD 952 $aXI D F 6 (20)$b1388$fDFD 959 $aDFD 959 $aFSPBC 996 $aDemocrazia nel 21. secolo$9624662 997 $aUNINA LEADER 01034cam0-22003251i-450 001 990005771830403321 005 20170918132817.0 035 $a000577183 100 $a19990604d1911----km-y0itay50------ba 101 0 $aita 102 $aIT 105 $ay-------001yy 200 1 $aStoria dell'Italia occidentale nel Medio Evo (395-1313)$hLibro I$iI barbari nell'Italia occidentale$fFerdinando Gabotto 210 $aPinerolo$cTipografia Baravalle e Falconieri$d1911 215 $a719 p.$d25 cm 225 1 $aBiblioteca della Societą storica subalpina$v61 610 0 $aStoria medievale e moderna 610 0 $aStoria italiana 676 $a909 676 $a945 700 1$aGabotto,$bFerdinando$f<1866-1918>$0179652 801 0$aIT$bUNINA$gRICA$2UNIMARC 901 $aBK 912 $a990005771830403321 952 $a945 GAB 1 (1)$bIST. GLOTT. S.I.$fFLFBC 952 $aXXI B 60$b2602$fFGBC 959 $aFGBC 959 $aFLFBC 996 $aStoria dell'Italia occidentale nel Medio Evo (395-1313$9569669 997 $aUNINA